000 00792nam a2200265 4500
001 0002563
003 DO-SdBNP
005 20180222084737.0
007 0002563
008 160406b 1997 sp ||||| |||| 00| 0 spa d
020 _a9580442223
040 _aBPMSU
_bspa
_cBPMSU
082 _2
_a863.6
_bC117t
100 _aCabal, Graciela Beatriz,
_d1939-2004
245 _aToby /
_cGraciela Cabal ; ilustraciones de Pez
260 _aBogotá :
_bGrupo Editorial Norma,
_c1997
300 _a 58 p. :
_b il. ;
_c 20 cm.
490 _a Torre de papel.
_a Torre azul
_v1
650 _2CUENTOS INFANTILES ARGENTINOS
700 _aPez
_e il.
830 _aTorre de papel.
_p Torre azul
_v1
942 _2ddc
_cBK
945 _aInventariado, 2018 / BT
956 _2VMATEO
_310
_620160406
_8BPSMU
_a0069
999 _c9567
_d9567